000 00283nam a2200121Ia 4500
008 190216s9999||||xx |||||||||||||| ||und||
100 _aFuller
245 0 _aIntermediate Algebra For Colleges
260 _bVannostrand
_c1963
300 _a258p
650 _aMathematics
942 _cBK
999 _c30428
_d30428